01851nam a2200493 i 450000100060000000300080000600500170001400600190003100700150005000800410006502000270010602000180013303500230015103500240017403500250019803500210022304000310024405000220027508000100029708200170030710000440032424500940036826400390046230000410050133600310054233700330057333800430060649000300064950000220067950400290070158801230073059001590085365000240101265000270103665000300106365000360109365000320112965000400116165500270120179700190122883000310124785600620127899900170134068858FlNmELB20241217142930.0m o d | cr cnu||||||||160705s2011 sp ob 001 0 spa d a9788427717695 (e-book) z9788427716902 a(MiAaPQ)EBC4507856 a(Au-PeEL)EBL4507856 a(CaPaEBR)ebr11205325 a(OCoLC)984784174 aFINmELBbspaerdacFINmELB 4aLC1031bS238 2011 a37.020 a372.12642231 aSanz de Acedo Lizarraga, María Luisa.10aCompetencias cognitivas en educación superior /cMaría Luisa Sanz de Acedo Lizarraga. 1aMadrid :bNarcea Ediciones,c2011. a1 recurso en línea (159 páginas) atextobtxt2rdacontent/spa acomputadorabc2rdamedia/spa arecurso en líneabcr2rdacarrier/spa1 aColección Universitaria aIncluye índice. aContiene bibliografía. aDescripción basada en recurso en línea; Título de la página del título en PDF (e-libro, visto July 5, 2016). aRecurso electronico. Santa Fe, Arg. : e-libro, 2016. Disponible via World Wide Web. El acceso puede ser limitado para las bibliotecas afiliadas a e-libro. 0aCognitive learning. 4aAprendizaje cognitivo. 0aEducation, HigherzSpain. 4aEducación SuperiorzEspaña. 0aCompetency-based education. 4aEducación basada en competencias. 4aLibros electrónicos.2 ae-libro, Corp. 0aColección Universitaria.40uhttps://elibro.net/ereader/politecnicointernacional/46026 c68858d68858